| 000 | 00494nam a2200169Ia 4500 | ||
|---|---|---|---|
| 005 | 20250508155901.0 | ||
| 008 | 008 250505s9999 xx 000 0 eng d | ||
| 037 | _aBooks to be hide in OPAC | ||
| 040 |
_aFEDL _beng _cFEDL |
||
| 041 |
_aeng _2eng |
||
| 084 |
_a371.911, UNI/O _qFEDL |
||
| 245 | 0 | _aOne hundred and thirty-first : Annual report of perkins school for the blind | |
| 260 | _c1962 | ||
| 300 | _a80p. | ||
| 942 |
_cHB _h371.911, UNI/O |
||
| 999 |
_c1359833 _d1359833 |
||